The devil's redemption : (Record no. 55545)

MARC details
000 -LEADER
fixed length control field 00671nam a22001697a 4500
008 - FIXED-LENGTH DATA ELEMENTS--GENERAL INFORMATION
fixed length control field 201112b ||||| |||| 00| 0 eng d
020 ## - INTERNATIONAL STANDARD BOOK NUMBER
International Standard Book Number 9780801048562
050 ## - LIBRARY OF CONGRESS CALL NUMBER
Classification number BX9941.3
Item number .M33 2018
100 ## - MAIN ENTRY--PERSONAL NAME
Personal name McClymond, Michael James, 1958- author.
245 ## - TITLE STATEMENT
Title The devil's redemption :
Remainder of title a new history and interpretation of Christian universalism /
Statement of responsibility, etc Michael J. McClymond.
260 ## - PUBLICATION, DISTRIBUTION, ETC. (IMPRINT)
Place of publication, distribution, etc Grand Rapids, Michigan :
Name of publisher, distributor, etc Baker Academic, a division of Baker Publishing Group,
Date of publication, distribution, etc 2018
300 ## - PHYSICAL DESCRIPTION
Extent (xxiv, 1325 pages) ;
Other physical details 24 cm
500 ## - GENERAL NOTE
General note Includes bibliographical references and index.
650 ## - SUBJECT ADDED ENTRY--TOPICAL TERM
Topical term or geographic name as entry element Universalism.
650 ## - SUBJECT ADDED ENTRY--TOPICAL TERM
Topical term or geographic name as entry element Salvation
General subdivision Christianity.
942 ## - ADDED ENTRY ELEMENTS (KOHA)
Source of classification or shelving scheme Library of Congress Classification
Item type Book
Holdings
Withdrawn status Lost status Source of classification or shelving scheme Damaged status Not for loan Collection code Home library Current library Shelving location Date acquired Source of acquisition Cost, normal purchase price Full call number Barcode Copy number Price effective from Koha item type
    Library of Congress Classification     Non-fiction Joshua & Timothy School of Theology Library (JTSOT) Joshua & Timothy School of Theology Library (JTSOT) General Circulation 12/11/2020 Donation-TBN 64341.00 BX9941.3 .M33 2018 064341 2 12/11/2020 Book